000 00617cam a2200205 4500
001 B3342
008 090401t1990 xxu||||| |||| 00| 0 eng d
035 _a(Sirsi) u55477
041 _aeng
050 _a692.8
110 _aJoint Contracts Tribunal
_93664
245 _aStandard form of building contract with contractor`s design 1981 edition incorporating amendments 1 (-5)
260 _aLondon
_bRIBA Publications Ltd
_c1990
300 _a72p. ; 30cm.
350 _a11
650 _aCONTRACTORS DESIGN
650 _aJCT STANDARD FORM OF CONTRACT WITH CONTRACTORS DESIGN
942 _n0
948 _c04/03/1997
999 _c93616
_d93616